Beyond modernity : reflections of a post-modern Catholic /

Bibliographic Details
Main Author: Rutler, George W. (George William)
Format: Book
Language:English
Published: San Francisco : Ignatius Press, [1987]
Subjects:

MARC

Tag First Indicator Second Indicator Subfields
LEADER 00000cam a2200000 a 4500
001 in00000008239
005 20151002080022.0
008 870506s1987 cau 00010 eng
010 |a  86082636  
020 |a 089870135X (pbk.) 
035 |a (OCoLC)15861393 
035 |9 AAA0605AM 
040 |a DLC  |c DLC  |d TXA  |d UtOrBLW 
050 0 0 |a BX1752  |b .R87 1987 
100 1 |a Rutler, George W.  |q (George William) 
245 1 0 |a Beyond modernity :  |b reflections of a post-modern Catholic /  |c by George William Rutler. 
264 1 |a San Francisco :  |b Ignatius Press,  |c [1987] 
264 4 |c ©1987 
300 |a 227 pages ;  |c 21 cm. 
336 |a text  |b txt  |2 rdacontent 
337 |a unmediated  |b n  |2 rdamedia 
338 |a volume  |b nc  |2 rdacarrier 
610 2 0 |a Catholic Church  |v Apologetic works. 
650 0 |a Civilization, Modern  |y 20th century. 
650 0 |a Civilization, Modern  |y 19th century. 
650 0 |a Christianity and culture. 
999 |a MARS 
999 f f |s bc03d84f-d99c-387b-b079-b8e81399532e  |i 2ab6ae1d-f6a5-3a68-8654-46041cb4a4ce  |t 0 
952 f f |p normal  |a Texas A&M University  |b College Station  |c Sterling C. Evans Library  |d Evans: Library Stacks  |t 0  |e BX1752 .R87 1987  |h Library of Congress classification  |i unmediated -- volume  |m A14812615339 
998 f f |a BX1752 .R87 1987  |t 0  |l Evans: Library Stacks